[Event "Wch Blitz 8th"]
[Site "Dubai"]
[Date "2014.06.19"]
[Round "4"]
[White "Malakhov, Vladimir"]
[Black "Matlakov, Maxim"]
[Result "1-0"]
[WhiteElo "2694"]
[BlackElo "2689"]
[PlyCount "89"]
[EventDate "2014.06.19"]
[EventType "swiss (blitz)"]
[EventRounds "21"]
[EventCountry "UAE"]
[SourceTitle "CBM 160 Extra"]
[Source "ChessBase"]
[SourceDate "2014.07.01"]
[SourceVersion "1"]
[SourceVersionDate "2014.07.01"]
[SourceQuality "1"]

1. Nf3 {Krasenkow,Michal} d5 2. g3 g6 3. c4 dxc4 4. Qa4+ Nc6 5. Qxc4 e5 6. Bg2 Bg7 7. O-O Nge7 8. Nc3 O-O ({RR} 8... h6 9. d3 Be6 10. Qa4 O-O 11. Be3 ({RR} 11. Rd1 Nd4 12. Rb1 c6 13. b4 a5 14. Rd2 b5 15. Qa3 c5 16. Nxd4 exd4 17. Nxb5 cxb4 18. Qb2 Rb8 19. a4 Bd5) 11... Nd4 12. Rac1 c6 ({RR} 12... c5 13. Nd2 Nd5 14. Bxd4 exd4 15. Nxd5 Bxd5 16. Rxc5 Bxg2 17. Kxg2 Qe7 18. Ne4 f5 19. Qc4+ Rf7 20. Nd2) 13. Rfe1 a5 14. Nd2 f5 15. Qa3 Re8 16. Na4 Bf7 17. Nc5 Qc7) 9. d3 Nd4 ({RR} 9... h6 10. Bd2 ({RR} 10. Qh4 Nf5 ({RR} 10... g5 11. Bxg5 hxg5 12. Nxg5 Bf5 13. Be4) ({RR} 10... Nd4) 11. Qxd8 Rxd8 12. Nb5 Rb8 13. Bd2 a6 14. Nc3 Nfd4 15. Nxd4 Nxd4 16. f4 Bg4 17. Rf2 exf4 18. Bxf4 Rd7 19. h3) 10... Nd4 ({RR} 10... Nf5 11. Rac1 ({RR} 11. Na4 Ncd4 12. Nxd4 Nxd4 13. Rfe1 c6 14. e3 b5 15. Qc1 bxa4 16. exd4 Qxd4 17. Re4 Qxd3 18. Bxh6) 11... Re8 12. Ne4 Ncd4 13. Nxd4 Nxd4 14. Rfe1 c6 15. e3 Ne6 16. Bb4 Bf8 17. Bc3 Bg7 18. f4) ({RR} 10... Be6 11. Qa4 Nd4 ({RR} 11... f5 12. Rac1 Nd4 13. Qa3 c6 14. Nxd4 exd4 15. Na4 Bd5 16. Bb4 Bxg2 17. Kxg2 Re8 18. Bxe7) 12. Rfc1 a5 ({RR} 12... c6 13. Ne1 Nd5 14. Kf1 Nb6 15. Qd1 a5 16. e3 Nf5 17. Ne4 Nd7 18. b4 axb4 19. Bxb4 Re8 20. a4 Bd5) 13. Qd1 Re8 14. Ne1 c6 15. e3 Ndf5 16. a3 Nd6 17. Na4 f5 18. b4 axb4 19. axb4 Bd5) 11. Nxd4 exd4 12. Ne4 c6 ({RR} 12... Be6 13. Qc1) 13. Bb4 ({RR} 13. Qc1 Kh7 14. Bb4 Be6 ({RR} 14... Bg4 15. h3 Bxe2 16. Re1 Bxd3 17. Bxe7 Qxe7 18. Nc5) 15. Nc5 Bc8 16. Nb3 Re8) 13... Be6 14. Qc1 ({RR} 14. Qc5 Nd5) 14... Bd5 15. a4 ({RR} 15. Qc5 Nc8) 15... b6 ({RR} 15... a5 16. Ba3 b6) 16. Bxe7 Qxe7 17. a5 Rab8 18. Re1 Rfc8 19. axb6 axb6 20. Qf4 Rd8 21. h4 Kh7 22. Nd2 Be5 23. Qg4 h5 24. Qh3 {Carlsen,M (2870)-Anand,V (2775) Chennai 2013 CBM 158 [Krasenkow,Michal] ½-½ (51)}) ({RR} 9... Be6 10. Qh4 f6 ({RR} 10... Nf5 11. Qxd8 Raxd8 ({RR} 11... Rfxd8 12. Ng5 Bd7 13. Nge4 Nfe7 14. Bg5 h6 15. Nf6+ Kh8 16. Nxd7 Rxd7 17. Bxe7) 12. Nb5 Rd7 13. Ng5 Nfd4 14. Nxd4 Nxd4 15. Nxe6 Nxe2+ 16. Kh1 fxe6 17. Bxb7) 11. Bd2 Kh8 12. Bh6 Qd7 13. Bxg7+ Kxg7 14. Qa4 Rfd8 15. b4 Nd5 16. Nxd5 Bxd5 17. b5 Ne7 18. Qb4 a5) ({RR} 9... h6 10. Bd2 Be6 11. Qa4 Nf5 12. Rfc1 Rb8 13. Kf1 a6 14. Ne4 Ncd4 15. Nxd4 Nxd4 16. Be3 Nf5 17. Nc5 Nxe3+ 18. fxe3 Bd5 19. Bxd5 Qxd5 20. Qe4 Rfd8 21. Qxd5 Rxd5 22. e4 Rdd8 23. b4 Bf8 24. a4 {Malakhov,V (2694)-Inarkiev,E (2660) Moscow 2015 1-0 (41)}) 10. Nxd4 exd4 11. Ne4 h6 ({RR} 11... Be6 12. Qc2 ({RR} 12. Qb5 b6 13. Bg5 f6 14. Bc1 a6 15. Qa4 c5 16. Nd2 Ra7 17. Nf3 Re8 18. Bd2 Nd5) 12... Bd5 ({RR} 12... b6) 13. Bg5 h6 14. Bf6 Bxe4 15. Bxe7 Qxe7 16. Bxe4) 12. Bf4 $146 ({RR} 12. Bd2 Be6 13. Qc1 Kh7 14. Nc5 Bd5 15. Nxb7 Qc8 16. Nc5 Re8 17. Re1 Bxg2 18. Kxg2 Nd5 19. Qc4 Re5 20. h3 Nb6 21. Qc2 Qe8 22. Rac1 Nd5 23. Na6 c5 24. Nxc5 Rc8 25. Qa4 Qe7 26. b4 Rxe2 {Smirin,I (2599)-Ohanyan,E (2444) Dubai UAE 2023 1-0 (57)}) ({RR} 12. Bd2 Be6 13. Qc1 Kh7 14. Nc5 Bd5 15. Nxb7 Qc8 16. Nc5 Re8 17. Re1 Bxg2 18. Kxg2 Nd5 19. Qc4 Re5 20. h3 Nb6 21. Qc2 Qe8 22. Rac1 Nd5 23. Na6 c5 24. Nxc5 Rc8 25. Qa4 Qe7 26. b4 Rxe2 {Smirin,I (2599)-Ohanyan,E (2444) Dubai UAE 2023 1-0 (57)}) 12... c6 13. Qc1 g5 14. Bd2 Nd5 15. h4 f5 16. hxg5 fxe4 17. dxe4 Nc7 18. gxh6 Bh8 19. f4 Bg4 20. Qc4+ Be6 21. Qd3 Qf6 22. f5 Bf7 23. g4 Qh4 24. g5 Be5 25. Rf3 c5 26. g6 b5 27. Rh3 Qg4 28. gxf7+ Rxf7 29. Kh1 Kh7 30. Qf3 Rg8 31. Qxg4 Rxg4 32. Bf3 Rg8 33. Bh5 Rf6 34. Bg6+ Rfxg6 35. fxg6+ Rxg6 36. Rf1 Ne6 37. Rf7+ Kh8 38. h7 c4 39. Re7 Bg7 40. Re8+ Nf8 41. Bb4 Rf6 42. Rf3 Rh6+ 43. Kg2 c3 44. bxc3 dxc3 45. Bxc3 1-0

[Event "Wch Blitz 8th"]
[Site "Dubai"]
[Date "2014.06.19"]
[Round "5"]
[White "Nakamura, Hikaru"]
[Black "Lu, Shanglei"]
[Result "1-0"]
[WhiteElo "2775"]
[BlackElo "2546"]
[PlyCount "83"]
[EventDate "2014.06.19"]
[EventType "swiss (blitz)"]
[EventRounds "21"]
[EventCountry "UAE"]
[SourceTitle "CBM 160 Extra"]
[Source "ChessBase"]
[SourceDate "2014.07.01"]
[SourceVersion "1"]
[SourceVersionDate "2014.07.01"]
[SourceQuality "1"]

1. Nf3 d5 2. b3 Bg4 3. Ne5 Bf5 4. Bb2 Nd7 ({RR} 4... f6 5. Nf3 e5 6. e3 c5 7. d3 Nc6 8. Nbd2 Nh6 9. e4 Be6 10. g3 Qd7 11. Bg2 Be7 12. O-O O-O 13. exd5 Bxd5 14. a3 Rfd8 15. Re1 Rac8 16. Ne4 Be6 17. Nfd2 Nd4 18. Nf1 Bg4 19. f3 {Atabayev,M (2492)-Mchedlishvili,M (2601) Doha 2016 0-1 (106)}) 5. Nf3 ({RR} 5. e3 Nxe5 6. Bxe5 f6 7. Bb2 e5 8. Be2 Bd6 9. O-O Ne7 10. d3 O-O 11. Nd2 c6 12. h3 Bg6 13. Bh5 Qe8 14. Bxg6 Qxg6 15. Nf3 Nf5 16. e4 Ne7 17. exd5 cxd5 18. c4 d4 19. Qe2 Nc6 {Lau,L (2240)-Kobalia,M (2538) chess.com INT 2025 0-1 (62)}) 5... Ngf6 6. g3 $146 ({RR} 6. e3 e6 7. d4 c6 8. Bd3 Bxd3 9. Qxd3 Ne4 10. O-O Be7 11. Nfd2 f5 12. f3 Nxd2 13. Nxd2 O-O 14. Rae1 Qc7 15. e4 Bh4 16. Rd1 f4 17. c4 Qb6 18. cxd5 exd5 19. Ba3 Rf7 20. Kh1 Re8 {Kozhabekov,A (1717)-Aigner,M (1961) Lublin POL 2023 ½-½ (46)}) ({RR} 6. e3 e6 7. d4 c6 8. Bd3 Bxd3 9. Qxd3 Ne4 10. O-O Be7 11. Nfd2 f5 12. f3 Nxd2 13. Nxd2 O-O 14. Rae1 Qc7 15. e4 Bh4 16. Rd1 f4 17. c4 Qb6 18. cxd5 exd5 19. Ba3 Rf7 20. Kh1 Re8 {Kozhabekov,A (1717)-Aigner,M (1961) Lublin POL 2023 ½-½ (46)}) 6... e6 7. Bg2 h6 8. d3 Bd6 9. O-O O-O 10. Nbd2 Bh7 11. Re1 e5 12. e4 dxe4 13. dxe4 Qe7 14. a3 Rad8 15. Qe2 a6 16. Nh4 Bc5 17. Nf5 Qe6 18. Bh3 Qc6 19. b4 Bxf5 20. exf5 Bb6 21. c4 Bd4 22. Bg2 Qb6 23. c5 Qa7 24. Bxd4 exd4 25. Qc4 b6 26. Nb3 bxc5 27. bxc5 Rfe8 28. Rxe8+ Rxe8 29. Qxd4 Rb8 30. Qc3 Re8 31. Rd1 Qb8 32. c6 Nb6 33. Nc5 Qc8 34. Qd3 a5 35. h3 Re5 36. Nd7 Nbxd7 37. cxd7 Qd8 38. Bc6 Rc5 39. Qa6 Kh7 40. Qa8 Qxa8 41. Bxa8 Nxd7 42. Rxd7 1-0

[Event "Wch Blitz 8th"]
[Site "Dubai"]
[Date "2014.06.19"]
[Round "6"]
[White "Bacrot, Etienne"]
[Black "Naiditsch, Arkadij"]
[Result "1-0"]
[WhiteElo "2720"]
[BlackElo "2705"]
[PlyCount "55"]
[EventDate "2014.06.19"]
[EventType "swiss (blitz)"]
[EventRounds "21"]
[EventCountry "UAE"]
[SourceTitle "CBM 160 Extra"]
[Source "ChessBase"]
[SourceDate "2014.07.01"]
[SourceVersion "1"]
[SourceVersionDate "2014.07.01"]
[SourceQuality "1"]

1. g3 d5 2. Nf3 c5 3. Bg2 Nc6 4. O-O e5 5. d3 f6 6. c4 d4 7. e3 dxe3 ({RR} 7... Bg4 8. h3 Be6 9. exd4 cxd4 10. a3 a5 11. Re1 Qd7 12. Nh2 Nge7 13. Nd2 Nf5 14. Ne4 Be7 15. Nf3 g6 16. g4 Ng7 17. g5 O-O 18. gxf6 Bxf6 19. Nfg5 {½-½ (19) Rashkovsky,N (2510)-Serper,G (2575) Kstovo 1994}) ({RR} 7... Bd6 8. exd4 cxd4 9. Nbd2 Nge7 10. a3 a5 11. Rb1 Ng6 12. h4 O-O 13. h5 Nh8 14. Nh4 Be6 15. Ne4 Be7 16. f4 h6 17. f5 Bd7 18. Ng6 Re8 19. c5 a4 20. Bd2 Nf7 21. b4 Na7 22. Nf2 {Ghasi,A (2502)-Vijayakumar,R (2317) England ENG 2025 1-0 (53)}) 8. Bxe3 Bd6 $146 ({RR} 8... Be6 9. Qe2 Qd7 10. Rd1 g6 11. Nc3 Rd8 12. a3 b6 13. d4 cxd4 14. Bxd4 exd4 15. Nxd4 Nxd4 16. Rxd4 Qxd4 17. Qxe6+ Be7 18. Bd5 Qe5 19. Qf7+ Kd7 20. Nb5 Kc8 21. Nxa7+ Kc7 22. Nc6 Qxb2 23. Re1 {Prenzler,D (2190)-Lubbe,N (2349) Verden 2010 ½-½ (31)}) 9. Nc3 Nge7 10. Ne4 b6 11. b4 cxb4 12. d4 Bf5 13. dxe5 Bxe4 14. exd6 Nf5 15. Bf4 O-O 16. Re1 Bxf3 17. Qxf3 Nfd4 18. Qd5+ Kh8 19. Be3 Nc2 20. Qxc6 Rc8 21. Qd5 Qd7 22. Be4 Nxa1 23. Bf5 Qa4 24. Bxc8 Nc2 25. d7 Rd8 26. Re2 Qxa2 27. Bc1 Qa4 28. Qf7 1-0

[Event "Wch Blitz 8th"]
[Site "Dubai"]
[Date "2014.06.19"]
[Round "6"]
[White "Movsesian, Sergei"]
[Black "Salgado Lopez, Ivan"]
[Result "1-0"]
[WhiteElo "2672"]
[BlackElo "2622"]
[PlyCount "82"]
[EventDate "2014.06.19"]
[EventType "swiss (blitz)"]
[EventRounds "21"]
[EventCountry "UAE"]
[SourceTitle "CBM 160 Extra"]
[Source "ChessBase"]
[SourceDate "2014.07.01"]
[SourceVersion "1"]
[SourceVersionDate "2014.07.01"]
[SourceQuality "1"]

1. g3 d5 2. Nf3 c6 3. Bg2 Bf5 4. O-O e6 5. c4 Nd7 6. d3 dxc4 7. dxc4 Ngf6 8. Nc3 h6 9. Be3 Bc5 $146 ({RR} 9... Be7 10. h3 Qc7 11. Qc1 e5 12. b3 O-O 13. Rd1 Rfd8 14. Qb2 Bc5 15. Bxc5 Nxc5 16. b4 Ne6 17. e3 a5 18. a3 e4 19. Nd4 Nxd4 20. exd4 axb4 21. axb4 Rxa1 22. Qxa1 e3 23. Qb2 exf2+ 24. Qxf2 {Schwabeneder,F (2402)-Aakash Sharadchandra,D (2130) Krakow POL 2024 0-1 (37)}) ({RR} 9... Be7 10. Qb3 Qc7 11. h3 O-O 12. Na4 e5 13. Rac1 Rfd8 14. Rfd1 Ne4 15. g4 Bg6 16. c5 Ng5 17. Bxg5 hxg5 18. Qe3 Re8 19. Nxg5 Nf6 20. Be4 Nxg4 21. hxg4 Bxg5 22. Qxg5 Bxe4 23. Nc3 Bg6 24. Rd6 {Srihari,L (2494)-Sriram Adarsh Uppala (2306) Taleigao IND 2025 1-0 (45)}) ({RR} 9... Be7 10. a3 O-O 11. b4 Ne4 12. Nxe4 Bxe4 13. Qb3 Qc7 14. Rfd1 Rad8 15. Nd2 Bxg2 16. Kxg2 Bf6 17. Rac1 a6 18. Ne4 Be7 19. c5 Nf6 20. Bf4 e5 21. Nxf6+ Bxf6 22. Be3 Be7 23. Rxd8 Rxd8 24. Rd1 {Patrascu,C (2320)-Lazavik,D (2424) Chess.com INT 2020 0-1 (42)}) 10. Nd4 Bh7 11. Na4 Be7 12. Qb3 Qc8 13. h3 O-O 14. Rfd1 Be4 15. f3 Bg6 16. Bf2 Nc5 17. Qa3 Nxa4 18. Qxe7 Nxb2 19. Rdc1 Na4 20. e4 Re8 21. Qa3 Nb6 22. Rab1 e5 23. Nb3 Nbd7 24. Rd1 h5 25. h4 Nf8 26. Rd6 Qc7 27. Na5 Reb8 28. c5 Ne8 29. Rd2 b6 30. Nc4 Ne6 31. cxb6 axb6 32. Qc3 c5 33. Nxe5 Bh7 34. f4 Ra4 35. Rd7 Qc8 36. Rxf7 Bxe4 37. Bxe4 Rxe4 38. Qf3 Ra4 39. Qxh5 Nd6 40. Re7 Nd8 41. Rd1 Rxa2 1-0

[Event "Wch Blitz 8th"]
[Site "Dubai"]
[Date "2014.06.19"]
[Round "7"]
[White "Amin, Bassem"]
[Black "Durarbayli, Vasif"]
[Result "1-0"]
[WhiteElo "2635"]
[BlackElo "2590"]
[PlyCount "77"]
[EventDate "2014.06.19"]
[EventType "swiss (blitz)"]
[EventRounds "21"]
[EventCountry "UAE"]
[SourceTitle "CBM 160 Extra"]
[Source "ChessBase"]
[SourceDate "2014.07.01"]
[SourceVersion "1"]
[SourceVersionDate "2014.07.01"]
[SourceQuality "1"]

1. Nf3 c5 2. g3 Nc6 3. Bg2 g6 4. O-O Bg7 5. d3 d5 6. e4 dxe4 7. dxe4 Qxd1 8. Rxd1 Bg4 9. Re1 Rc8 $146 ({RR} 9... O-O-O 10. c3 b6 11. Bf4 e5 12. Be3 f6 13. Nbd2 Nh6 14. h3 Be6 15. Bf1 Nf7 16. Bc4 Rhe8 17. Bxe6+ Rxe6 18. Kf1 Nd6 19. Red1 h6 20. g4 Ne7 21. Ke2 f5 22. gxf5 gxf5 23. exf5 Nexf5 24. Rg1 {Kotas,J (1941)-Zabystrzan,P (2314) Orlova 2012 ½-½ (66)}) ({RR} 9... Nb4 10. Na3 O-O-O 11. Ng5 Nh6 12. h3 Bd7 13. e5 Bc6 14. Nf3 b6 15. Bf4 Nd5 16. Bd2 Nc7 17. Rad1 Nf5 {½-½ (17) Fuller,M (2380)-Rogers,I (2390) Sydney 1979}) 10. c3 Nf6 11. Nbd2 h6 12. Nc4 Be6 13. Bf1 Ng4 14. h3 Nge5 15. Nfxe5 Nxe5 16. Nxe5 Bxe5 17. f4 Bb8 18. Be3 f6 19. Red1 Kf7 20. Kf2 b6 21. g4 Rcd8 22. f5 Bc8 23. Bc4+ e6 24. a4 a5 25. b4 axb4 26. cxb4 Be5 27. Rab1 Rxd1 28. Rxd1 gxf5 29. exf5 cxb4 30. Bxb6 h5 31. fxe6+ Kg6 32. e7 Re8 33. Rd8 Rxe7 34. Rxc8 hxg4 35. hxg4 Bf4 36. a5 Kg5 37. Rg8+ Kh4 38. Kf3 Bh6 39. Rh8 1-0

[Event "Wch Blitz 8th"]
[Site "Dubai"]
[Date "2014.06.19"]
[Round "10"]
[White "Malakhov, Vladimir"]
[Black "Jobava, Baadur"]
[Result "1-0"]
[WhiteElo "2694"]
[BlackElo "2713"]
[PlyCount "121"]
[EventDate "2014.06.19"]
[EventType "swiss (blitz)"]
[EventRounds "21"]
[EventCountry "UAE"]
[SourceTitle "CBM 160 Extra"]
[Source "ChessBase"]
[SourceDate "2014.07.01"]
[SourceVersion "1"]
[SourceVersionDate "2014.07.01"]
[SourceQuality "1"]

1. Nf3 Nf6 2. g3 c6 3. Bg2 d6 4. O-O Bf5 ({RR} 4... Nbd7 5. d3 g6 6. e4 Bg7 7. Re1 O-O 8. Nbd2 a5 9. a4 Nc5 10. d4 Na6 11. c3 Bg4 12. h3 Bxf3 13. Nxf3 e5 14. dxe5 dxe5 15. Nxe5 Qxd1 16. Rxd1 Rfe8 17. Nc4 Nxe4 18. Nb6 Rab8 19. Bf4 {Duda,J (2732)-Maltsevskaya,A (2378) chess.com INT 2024 1-0 (35)}) ({RR} 4... Bg4 5. c4 e6 6. Nc3 d5 7. cxd5 cxd5 8. Qb3 Qb6 9. Qxb6 axb6 10. Nb5 Na6 11. d3 Be7 12. Bf4 O-O 13. Nfd4 Rac8 14. Rfc1 h6 15. h3 Bh5 16. g4 Bg6 17. a3 Nc5 18. Bc7 Bd8 19. Bd6 {Pribelszky,B (2399)-Fomevor,C (1883) chess.com INT 2025 1-0}) 5. b3 $146 ({RR} 5. d3 e5 6. Nbd2 Be7 7. Nh4 Be6 8. a4 a5 9. Nc4 Nbd7 10. f4 d5 11. Nxe5 Nxe5 12. fxe5 Ng4 13. Nf3 h5 14. h3 Nh6 15. Kh2 g5 16. Nd4 Bd7 17. e4 g4 18. e6 fxe6 19. Bxh6 Rxh6 {Farkas,I (1578)-Olajos,G (1638) Senta 2017 1-0 (47)}) ({RR} 5. d3 e5 6. c4 h6 7. Nc3 Nbd7 8. b4 Qc7 9. Bd2 Be7 10. b5 c5 11. a4 O-O 12. a5 Rad8 13. Qb3 b6 14. axb6 axb6 15. Ra6 Nb8 16. Ra2 Be6 17. Rc1 Rd7 18. e4 Nh7 19. Qa4 Qd8 {Wagner,G (1725)-Stolle,H (1618) Heusenstamm 2016 ½-½}) 5... h6 6. Bb2 e6 7. d3 Be7 8. e4 Bh7 9. e5 dxe5 10. Nxe5 O-O 11. Nd2 Nbd7 12. Ndc4 Nxe5 13. Nxe5 Nd7 14. Nxd7 Qxd7 15. Qg4 Bg6 16. Be4 h5 17. Qe2 Bxe4 18. dxe4 g6 19. Rad1 Qc7 20. Qd2 Rfd8 21. Qh6 e5 22. f4 Bf8 23. Qg5 Rxd1 24. Rxd1 Qb6+ 25. Kg2 Re8 26. f5 Be7 27. Qh6 Bf8 28. Qg5 Be7 29. Qh6 Bf8 30. Qd2 c5 31. Qd7 Re7 32. Qd5 Qa6 33. Qd3 Qxa2 34. Bc3 Qa6 35. Qxa6 bxa6 36. fxg6 fxg6 37. Rd6 Kf7 38. Rxa6 Rd7 39. Kf3 Bg7 40. Ke2 Rc7 41. Rd6 c4 42. b4 Bf8 43. Rd5 Rb7 44. b5 Bg7 45. Bxe5 Bxe5 46. Rxe5 Kf6 47. Rd5 Ke6 48. Ke3 Rf7 49. Rc5 Rf1 50. Rxc4 g5 51. Rc6+ Kf7 52. Rc7+ Kf6 53. Rxa7 Rb1 54. c4 Ke5 55. Re7+ Kf6 56. Rd7 Rb2 57. Rd6+ Ke5 58. Rd5+ Kf6 59. Rf5+ Kg6 60. Rf2 Rb3+ 61. Kd4 1-0

[Event "Wch Blitz 8th"]
[Site "Dubai"]
[Date "2014.06.19"]
[Round "10"]
[White "Mchedlishvili, Mikheil"]
[Black "Moiseenko, Alexander"]
[Result "1-0"]
[WhiteElo "2632"]
[BlackElo "2707"]
[PlyCount "87"]
[EventDate "2014.06.19"]
[EventType "swiss (blitz)"]
[EventRounds "21"]
[EventCountry "UAE"]
[SourceTitle "CBM 160 Extra"]
[Source "ChessBase"]
[SourceDate "2014.07.01"]
[SourceVersion "1"]
[SourceVersionDate "2014.07.01"]
[SourceQuality "1"]

1. Nf3 {ChessBase II} Nf6 2. g3 b5 3. Bg2 ({RR} 3. Na3 a6 ({RR} 3... b4 4. Nc4)) ({RR} 3. a4 b4) 3... Bb7 4. O-O e6 5. d3 d5 6. Nbd2 Be7 7. e4 c5 8. e5 ({RR} 8. Qe2) ({RR} 8. Re1) ({RR} 8. exd5 Nxd5 9. Ne5 Qc7 10. Nxf7 O-O 11. c4 Rxf7 12. cxd5 exd5 13. Nf3 Nc6 14. Bg5 Raf8 15. Bxe7 Qxe7 16. Rc1 {½-½ (16) Nisipeanu,L (2671)-Moroni,L (2530) Zuerich 2017}) 8... Nfd7 9. Re1 Nc6 10. Qe2 ({RR} 10. Nf1 g5 11. h3 h5 12. c3 g4 13. hxg4 hxg4 14. N3h2 Ncxe5 15. d4 Nf3+ 16. Nxf3 gxf3 17. Qxf3 cxd4 18. cxd4 Nf6 19. Bf4 Ne4 20. Rac1 Bd6 21. Nd2 Qb8 22. Bxd6 Qxd6 23. Nb3 Rd8 24. Nc5 Ba8) ({RR} 10. h4) ({RR} 10. Nf1 a5 11. h4 h6 12. h5 a4 13. a3 Qb6 14. Bf4 Bd8 15. Ne3 d4 16. Nf1 Bc7 17. Qe2 Ne7 18. g4 Bd5 19. N1d2 b4 20. Ne4 Nc6 21. c4 bxc3 22. bxc3 Na5 23. c4 Bc6 24. Rab1 Nb3 {Deak-Sala,E (2112)-Schneider,J (2251) Rhodes GRE 2025 ½-½}) 10... g5 $146 ({RR} 10... a5 11. Nf1 Qc7 12. h4 O-O ({RR} 12... a4 13. a3 h6 ({RR} 13... b4)) ({RR} 12... O-O-O 13. a4 b4 14. Bf4) 13. N1h2 Rfc8 14. Bf4 Ra6 ({RR} 14... a4 15. a3) ({RR} 14... Nb6 15. Ng4 Na4 16. h5 h6 17. Rab1 Nd4 18. Nf6+ Kh8 ({RR} 18... gxf6 19. Nxd4 cxd4 20. exf6 Bd6 21. Qg4+)) 15. Rac1 ({RR} 15. h5 h6 16. Ng4 Nd4 17. Nxd4 cxd4 18. Rac1 a4 19. Nf6+) 15... a4 16. c3 ({RR} 16. h5) 16... b4 ({RR} 16... c4) 17. c4 Na5 18. Nd2 Qb6 ({RR} 18... a3 19. b3 Nb6 20. Qg4) 19. Qg4 f5 20. exf6 Nxf6 21. Qh3 ({RR} 21. Qe2) 21... Re8 ({RR} 21... dxc4 22. dxc4 Bxg2 23. Qxg2) 22. Re2 Bc8 23. Be5 Nd7 24. cxd5 ({RR} 24. Nhf3 Nxe5 25. Nxe5 Qd6 26. Rce1) 24... Nxe5 25. Rxe5 {Abravanel,C-Kappler,J Dijon 1975 EXT 2014 [ChessBase II] 0-1 (73)}) 11. h3 h5 12. Nf1 g4 13. hxg4 hxg4 14. N3h2 Ncxe5 15. Nxg4 Nxg4 16. Qxg4 Qb6 17. a4 b4 18. a5 Qd6 19. c4 Bf6 20. Bf4 e5 21. Bd2 O-O-O 22. a6 Bc6 23. Ne3 dxc4 24. Nxc4 Qc7 25. Be4 Kb8 26. Be3 Rdg8 27. Qf3 Bxe4 28. Qxe4 Rh4 29. Qd5 e4 30. Kf1 Rh1+ 31. Ke2 exd3+ 32. Qxd3 Rxe1+ 33. Rxe1 Ne5 34. Nxe5 Bxe5 35. Rc1 Bd6 36. Qd5 Re8 37. Kf1 Re5 38. Qf3 f5 39. Rd1 Re8 40. Qd5 Bxg3 41. Bxc5 Be5 42. Re1 f4 43. Rxe5 Rxe5 44. Qg8+ 1-0

[Event "Wch Blitz 8th"]
[Site "Dubai"]
[Date "2014.06.19"]
[Round "11"]
[White "Caruana, Fabiano"]
[Black "Bacrot, Etienne"]
[Result "1-0"]
[WhiteElo "2791"]
[BlackElo "2720"]
[PlyCount "79"]
[EventDate "2014.06.19"]
[EventType "swiss (blitz)"]
[EventRounds "21"]
[EventCountry "UAE"]
[SourceTitle "CBM 160 Extra"]
[Source "ChessBase"]
[SourceDate "2014.07.01"]
[SourceVersion "1"]
[SourceVersionDate "2014.07.01"]
[SourceQuality "1"]

1. Nf3 d5 2. g3 g6 3. Bg2 Bg7 4. O-O e5 5. d3 Ne7 6. c4 O-O 7. Nc3 d4 8. Ne4 f5 $146 ({RR} 8... h6 9. Rb1 a5 10. b3 Na6 11. a3 f5 12. Ned2 Nc5 13. b4 axb4 14. axb4 Na4 15. Bb2 e4 16. dxe4 Nc3 17. Bxc3 dxc3 18. Nb3 Qxd1 19. Rbxd1 Ra4 20. Nfd4 Rxb4 21. exf5 c5 22. Nxc5 c2 23. Nxc2 {Iliesco,J-Pilnik,H Mar del Plata 1947 0-1 (51)}) ({RR} 8... Nbc6 9. a3 a5 10. Rb1 f5 11. Ned2 a4 12. b4 axb3 13. Nxb3 h6 14. Ne1 Ra7 15. Nc2 b6 16. e3 dxe3 17. fxe3 Bb7 18. Bb2 Na5 19. Bxb7 Nxb7 20. d4 e4 21. Qe2 c5 22. dxc5 bxc5 23. Bxg7 {Nakamura,H (2802)-Aronian,L (2729) Saint Louis USA 2024 0-1 (71)}) 9. Nc5 b6 10. Nb3 Nbc6 11. Bg5 Bb7 12. Rc1 h6 13. Bxe7 Qxe7 14. c5 b5 15. Nbd2 Qf7 16. a4 a6 17. Ra1 Kh7 18. Ne1 h5 19. Nc2 Rab8 20. axb5 axb5 21. Nf3 Qe7 22. Qd2 Bh6 23. Qd1 Qxc5 24. h4 Rfe8 25. Ng5+ Bxg5 26. hxg5 e4 27. dxe4 fxe4 28. Qd2 Qe5 29. e3 d3 30. Nb4 Nd8 31. Rfc1 Ne6 32. Ra7 Qd6 33. Rxb7 Rxb7 34. Bxe4 Rbb8 35. Rc6 Qd7 36. Nd5 Rf8 37. Qxd3 Nxg5 38. Nf6+ Rxf6 39. Qxd7+ Rf7 40. Bxg6+ 1-0

[Event "Wch Blitz 8th"]
[Site "Dubai"]
[Date "2014.06.20"]
[Round "13"]
[White "Caruana, Fabiano"]
[Black "Movsesian, Sergei"]
[Result "1-0"]
[WhiteElo "2791"]
[BlackElo "2672"]
[PlyCount "73"]
[EventDate "2014.06.19"]
[EventType "swiss (blitz)"]
[EventRounds "21"]
[EventCountry "UAE"]
[SourceTitle "CBM 160 Extra"]
[Source "ChessBase"]
[SourceDate "2014.07.01"]
[SourceVersion "1"]
[SourceVersionDate "2014.07.01"]
[SourceQuality "1"]

1. Nf3 d5 2. g3 c6 3. Bg2 Bg4 4. O-O Nd7 5. d3 Ngf6 6. Nbd2 e5 7. h3 Bh5 8. g4 ({RR} 8. Qe1 Bc5 9. Nh4 O-O 10. g4 Bg6 11. e3 Re8 12. Nxg6 hxg6 13. c4 Nf8 14. Nb3 Bb6 15. cxd5 cxd5 16. Bd2 e4 17. Bc3 Ne6 18. Rd1 Qe7 19. dxe4 dxe4 20. Qe2 Nc5 21. g5 Nfd7 22. h4 Nxb3 {Almasi,Z (2721)-Shirov,A (2735) Warsaw 2010 1-0 (36)}) 8... Bg6 9. Nh4 Bd6 ({RR} 9... Bc5 10. e3 O-O 11. Nb3 Bb6 12. a4 a5 13. Nxg6 fxg6 14. Nd2 g5 15. c4 h6 16. cxd5 cxd5 17. Qb3 Nc5 18. Qb5 Qd6 19. Nb3 Ne6 20. Nd2 Rac8 21. Nf3 e4 22. dxe4 Nxe4 23. Rd1 Rc5 24. Qd3 {Padmini,R (2328)-Gunina,V (2425) FIDE Online Arena INT 2024 1-0 (36)}) 10. e3 Nf8 $146 ({RR} 10... O-O 11. Nxg6 hxg6 12. c4 Nc5 13. g5 Nh5 14. cxd5 cxd5 15. h4 Nxd3 16. Bxd5 Bb4 17. e4 Qd7 18. Qf3 Nxc1 19. Nc4 Nd3 20. Rfd1 Ndf4 21. Nxe5 Qh3 22. Qxh3 Nxh3+ 23. Kf1 Rac8 24. Rac1 Rxc1 25. Rxc1 {Smirin,I (2659)-Hracek,Z (2605) Sibenik 2006 0-1 (48)}) ({RR} 10... O-O 11. Qe2 Qe7 12. Nxg6 hxg6 13. e4 Nc5 14. exd5 cxd5 15. c3 Rfe8 16. Re1 Ne6 17. Nf3 e4 18. dxe4 dxe4 19. Nd4 Nc5 20. Be3 Nd3 21. Red1 Qe5 22. a4 Qh2+ 23. Kf1 Nd5 24. Rxd3 exd3 25. Qxd3 {Carrillo,J (2075)-Guliyev,N (2573) Wasselonne 2015 0-1}) 11. f4 N6d7 12. Qe1 f6 13. e4 d4 14. Nc4 Bc7 15. Nf5 Bxf5 16. exf5 Qe7 17. a4 exf4 18. Bxf4 Bxf4 19. Rxf4 Ne5 20. Rxd4 Nfd7 21. Nd6+ Kf8 22. a5 h5 23. Nxb7 hxg4 24. hxg4 Rb8 25. a6 c5 26. Rd6 g6 27. Re6 Qh7 28. Qg3 gxf5 29. Rf1 Rg8 30. Rxf6+ Nxf6 31. Qxe5 Kg7 32. Rxf5 Rbf8 33. g5 Qh4 34. Rxf6 Kh7 35. Be4+ Kg7 36. Rg6+ Kf7 37. Qe6# 1-0

[Event "Wch Blitz 8th"]
[Site "Dubai"]
[Date "2014.06.20"]
[Round "13"]
[White "Fedoseev, Vladimir"]
[Black "Najer, Evgeniy"]
[Result "1-0"]
[WhiteElo "2662"]
[BlackElo "2653"]
[PlyCount "77"]
[EventDate "2014.06.19"]
[EventType "swiss (blitz)"]
[EventRounds "21"]
[EventCountry "UAE"]
[SourceTitle "CBM 160 Extra"]
[Source "ChessBase"]
[SourceDate "2014.07.01"]
[SourceVersion "1"]
[SourceVersionDate "2014.07.01"]
[SourceQuality "1"]

1. Nf3 d5 2. g3 Bg4 3. Bg2 c6 4. O-O e6 5. d3 Nf6 6. Nbd2 Nbd7 7. e4 Bd6 8. Qe1 Qc7 9. b3 O-O 10. Bb2 e5 11. h3 Be6 12. Ng5 a5 $146 ({RR} 12... Rfe8 13. Nxe6 Rxe6 14. Qe2 Ree8 15. Rfd1 Nc5 16. Nf1 Rad8 17. Ne3 Bf8 18. Ng4 Nxg4 19. Qxg4 Ne6 20. exd5 cxd5 21. c4 d4 22. Qf3 Nc5 23. Ba3 b6 24. Bxc5 bxc5 25. Qc6 Qe7 26. Re1 g6 27. Re2 {Overeem,M (2153)-Van Foreest,J (2448) Hilversum 2014 ½-½ (67)}) 13. a3 Kh8 14. Qe2 Rae8 15. Nxe6 fxe6 16. Nf3 Nc5 17. d4 dxe4 18. Nxe5 Bxe5 19. dxe5 Nfd7 20. Bxe4 a4 21. b4 Nxe4 22. Qxe4 b5 23. c4 Nb6 24. cxb5 cxb5 25. Bd4 Nc4 26. Rac1 Qf7 27. Bc5 Rg8 28. Rfd1 Nxa3 29. Qc6 Rc8 30. Qb6 Rb8 31. Qc6 Rgc8 32. Qe4 Nc4 33. Bd6 Rb6 34. Bc5 Rbb8 35. Bd6 Rb6 36. Rc3 Rbc6 37. Rf3 Qg6 38. Qxc6 Nxd6 39. Qxc8+ 1-0